000
00188nam a22000857a 4500
999
_c
12939
_d
12939
082
_a
297.63
100
_a
Muhammad Latif
245
_a
Islami Tasawuf Me Masaelal Sulook Ka Maqaam
942
_c
BK